Estadísticas para Prueba de Finlandia

Haz click aquí para tomar la prueba!

Estadísticas generales

  • Esta prueba ha sido tomada 1.181 veces
  • La puntuación promedio es 12 de 24

Estadísticas de respuestas

PistaRespuesta% Correcto
Países limítrofesRusia
99%
Países limítrofesSuecia
99%
Países limítrofesNoruega
98%
CapitalHelsinki
97%
MonedaEuro
89%
Esos golfos son parte de este marMar Báltico
78%
El tradicional baño de vaporSauna
76%
Persona mítica que algunos dicen que vive en esa regiónPapa Noel
65%
Región septentrional que es compartida por 4 paísesLaponia
59%
El deporte más popularHockey sobre hielo
58%
Golfos oceánicosGolfo de {Finlandia}
49%
El sistema operativo que fue creado por Linus TorvalidsLinux
44%
Compañía de telefonía móvilNokia
44%
Nombre de Finlandia en finlandésSuomi
44%
El 73% de los finlandeses pertenecen a esta iglesia
(pero sólo el 2% asiste semanalmente)
Luterana
36%
Golfos oceánicosGolfo de {Botnia}
33%
La guerra que se libró contra la URSS en 1940Guerra de {Invierno}
30%
Moneda anteriorMarco
26%
El principal grupo étnico que vive en esa regiónSami
24%
La ciudad no costera más grandeTampere
23%
Compositor del poema sinfónico "Finlandia"Jean Sibelius
16%
Un spitz finlandés es un tipo de ...Perro
16%
Corredor de larga distancia y 12 veces medallista olímpicoPaavo Nurmi
13%
El mayor lago de agua dulceSaimaa
11%

Distribución de puntuación

Porcentaje por número respondido

Porcentaje de gente con cada puntuación

Historial de tus puntuaciones

No has tomado esta prueba